000 00264nam a22001217a 4500
008 180620b xxu||||| |||| 00| 0 eng d
041 _aeng
080 _a070
100 _a40
101 _aMK
245 _aTë shpëtojmë komunikimin
_cWolton,D
942 _2udc
_cBK
999 _c46619
_d46619